=LDR 00000nam 2200000 4500 =001 INLIS000000000018219 =005 20130612113413 =008 ***********************************Ind** =035 ##$$0010-061300000018219 =041 ##$$a Ind =082 ##$$a 636.8 =090 ##$$a 636.8, Wid p =100 ##$$a Widodo, Wahyu =245 ##$$a Parkit, Wahyu Widodo =260 ##$$a 1996 $b Jakarta =300 ##$$a vii, 47 hlm, ilus, 21 cm =650 ##$$a Parkit-Burung =850 ##$$a NBPNMAT